书目信息 |
| 题名: |
夏
|
|
| 作者: | 史密斯 著 ;刘慧宁 译 | |
| 分册: | ||
| 出版信息: | 杭州 浙江文艺出版社 2023 |
|
| 页数: | 330页 | |
| 开本: | 21cm | |
| 丛书名: | 季节四部曲 阿莉·史密斯作品 | |
| 单 册: | ||
| 中图分类: | I561.45 | |
| 科图分类: | ||
| 主题词: | 长篇小说--英国--现代 | |
| 电子资源: | ||
| ISBN: | 978-7-5339-7240-0 | |
| 000 | 00830nam0 2200277 450 | |
| 001 | 012403450 | |
| 005 | 20240910060548.0 | |
| 010 | @a978-7-5339-7240-0@b精装@dCNY88.00 | |
| 100 | @a20230710d2023 em y0chiy0120 ea | |
| 101 | 1 | @achi@ceng |
| 102 | @aCN@b330000 | |
| 105 | @ay z 000ay | |
| 106 | @ar | |
| 200 | 1 | @a夏@9xia@b专著@dSummer@f(英)阿莉·史密斯(Ali Smith)著@g刘慧宁译@zeng |
| 210 | @a杭州@c浙江文艺出版社@d2023 | |
| 215 | @a330页@d21cm | |
| 225 | @a季节四部曲 阿莉·史密斯作品 | |
| 300 | @a季节四部曲 阿莉·史密斯作品 | |
| 510 | 1 | @aSummer@zeng |
| 586 | @a | |
| 606 | 0 | @a长篇小说@y英国@z现代 |
| 690 | @aI561.45@v5 | |
| 701 | 0 | @c(英)@a史密斯@9shi mi si@c(女,Smith, Ali@f1962~)@4著 |
| 702 | 0 | @a刘慧宁@9liu hui ning@4译 |
| 801 | 0 | @aCN@c20240910 |
| 905 | @dI561.45@eS580-4:2@f1@sI561.45/S580-4:2@S@Z | |
| 夏=Summer/(英)阿莉·史密斯(Ali Smith)著/刘慧宁译.-杭州:浙江文艺出版社,2023 |
| 330页;21cm.-(季节四部曲 阿莉·史密斯作品) |
| 季节四部曲 阿莉·史密斯作品 |
| ISBN 978-7-5339-7240-0(精装):CNY88.00 |
| ● |
| 相关链接 |
|
|
|
正题名:夏
索取号:I561.45/S580-4:2
 
预约/预借
| 序号 | 登录号 | 条形码 | 馆藏地/架位号 | 状态 | 备注 |
| 1 | 21620318 | 216203187 | 文学库116/116文学库 21排5列6层/ [索取号:I561.45/S580-4:2] | 在馆 |